[Event "TCh-RUS Major League 2017"]
[Site "Sochi RUS"]
[Date "2017.05.03"]
[Round "3.2"]
[Board "4"]
[White "Barskij, Vladimir"]
[Black "Yandarbiev, Ruslan"]
[Result "0-1"]
[WhiteTitle "IM"]
[BlackTitle "IM"]
[WhiteElo "2389"]
[BlackElo "2288"]
[WhiteTeam "Eggnog Moscow"]
[BlackTeam "Terrible Chechen Republic"]
[WhiteFideId "4105818"]
[BlackFideId "4115023"]
[EventDate "2017.05.01"]

1. e4 e6 2. d4 d5 3. e5 c5 4. c3 Nc6 5. Nf3 Bd7 6. Be2 Nge7 7. dxc5 Ng6 8. b4
Be7 9. Be3 a5 10. Nd4 axb4 11. f4 bxc3 12. Nxc3 Nxd4 13. Qxd4 Nh4 14. O-O Nf5
15. Qd2 Nxe3 16. Qxe3 Qa5 17. Kh1 Qxc5 18. Qg3 O-O 19. a4 f6 20. Qh3 fxe5 21.
Nxd5 exf4 22. Bd3 g6 23. Nxf4 Rf6 24. Ne2 Rxa4 25. Rfc1 Rxa1 26. Rxa1 Qe5 27.
Rb1 Bc6 28. Qg3 Bd6 29. Qxe5 Bxe5 30. Kg1 Kf7 31. Bb5 Bd5 32. Rc1 Ke7 33. Nc3
Bd4+ 34. Kh1 Bxc3 35. Rxc3 Rf2 36. Rc7+ Kd6 37. Rxh7 Rb2 38. Rd7+ Ke5 39. Bd3
Rd2 40. Bf1 Bxg2+ 0-1